00484 2200181 4500245007600000020001800076250001100094100001900105700002600124700001700150650001700167005001900184260003100203041001400234084001300248300003200261336000900293 aScarlet Fan b : The Tale of Eternal Love Vol. 6cKyoko, KumagaihText a9786022662235 aCet. 1 aKyoko, Kumagai aChristina Hiumanbrata aMustika Arum aKomik Jepang a20230609102453 aJakartabPT Gramediac2013 aIndonesia a741.5592 a... jil. :bilus. ;c17 cm. atext